Ciudadanos del futuro : (Record no. 155702)
[ view plain ]
| 000 -LEADER | |
|---|---|
| fixed length control field | 01074nam a22002297a 4500 |
| 005 - DATE AND TIME OF LATEST TRANSACTION | |
| control field | 20210513115141.0 |
| 008 - FIXED-LENGTH DATA ELEMENTS--GENERAL INFORMATION | |
| fixed length control field | 210507b mx ||||| |||| 00| 0 spa d |
| 020 ## - INTERNATIONAL STANDARD BOOK NUMBER | |
| International Standard Book Number | 9786074621143 ( El Colegio de México) |
| 020 ## - INTERNATIONAL STANDARD BOOK NUMBER | |
| International Standard Book Number | 9786077771234 ( Universidad Autónoma del Estado de Morelos) |
| 050 04 - LIBRARY OF CONGRESS CALL NUMBER | |
| Classification number | PQ7150 |
| Item number | A43 2010 |
| 100 1# - MAIN ENTRY--PERSONAL NAME | |
| Personal name | Alcubierre, Beatriz. |
| 245 10 - TITLE STATEMENT | |
| Title | Ciudadanos del futuro : |
| Remainder of title | una historia de las publicaciones para niños en el siglo XIX mexicano |
| Statement of responsibility, etc | / Beatriz Alcubierre Moya. |
| 246 30 - VARYING FORM OF TITLE | |
| Title proper/short title | Historia de las publicaciones para niños en el siglo XIX mexicano |
| 250 ## - EDITION STATEMENT | |
| Edition statement | 1a ed. |
| 260 ## - PUBLICATION, DISTRIBUTION, ETC. (IMPRINT) | |
| Place of publication, distribution, etc | México, D.F. : |
| -- | Cuernavaca, Morelos, México |
| Name of publisher, distributor, etc | Colegio de México ; |
| -- | Universidad Autónoma del Estado de Morelos, |
| Date of publication, distribution, etc | 2010. |
| 300 ## - PHYSICAL DESCRIPTION | |
| Extent | 246 p. ; |
| Other physical details | 22 cm. |
| 500 ## - GENERAL NOTE | |
| General note | "Centro de Estudios Históricos" |
| 504 ## - BIBLIOGRAPHY, ETC. NOTE | |
| Bibliography, etc | Incluye bibliografía (p.227-246). |
| 650 #7 - SUBJECT ADDED ENTRY--TOPICAL TERM | |
| Source of heading or term | lemb |
| Topical term or geographic name as entry element | Literatura infantil |
| General subdivision | Historia y crítica |
| Chronological subdivision | Siglo XIX |
| Geographic subdivision | México |
| 650 #7 - SUBJECT ADDED ENTRY--TOPICAL TERM | |
| Source of heading or term | lemb |
| Topical term or geographic name as entry element | Libros y lecturas para niños |
| General subdivision | Historia y crítica |
| Chronological subdivision | Siglo XIX |
| Geographic subdivision | México |
| 942 ## - ADDED ENTRY ELEMENTS (KOHA) | |
| Source of classification or shelving scheme | Biblioteca del Cogreso de los Estados Unidos |
| Koha item type | Libro |
| Estado de pérdida | Fuente de clasificación | Estado del daño | No para préstamo | Ubicación permanente | Ubicación actual | Apartado o colección | Fecha de adquisición | Edición | Área del conocimiento | Total Checkouts | Clasificación | Código de Barras | Date last seen | Número de copia | Tipo de recurso | Dependencia de educación superior (DES) | Costo por reposición |
|---|---|---|---|---|---|---|---|---|---|---|---|---|---|---|---|---|---|
| Biblioteca del Cogreso de los Estados Unidos | Biblioteca del Instituto de Investigaciones Históricas | Biblioteca del Instituto de Investigaciones Históricas | General | 07/05/2021 | 1a ed. | Educación y Humanidades | PQ7150 A43 2010 | IIH000029126 | 07/05/2021 | C:1 | Libro | ||||||
| Biblioteca del Cogreso de los Estados Unidos | Biblioteca del Instituto de Investigaciones Históricas | Biblioteca del Instituto de Investigaciones Históricas | General | 07/05/2021 | 1a ed. | Educación y Humanidades | PQ7150 A43 2010 | IIH000029127 | 07/05/2021 | C:2 | Libro | ||||||
| Biblioteca del Cogreso de los Estados Unidos | Biblioteca del Instituto de Investigaciones Históricas | Biblioteca del Instituto de Investigaciones Históricas | General | 07/05/2021 | 1a ed. | Educación y Humanidades | PQ7150 A43 2010 | IIH000030159 | 13/05/2021 | C:3 | Libro | Humanidades | 1.00 |